| 000 | 02030nam a2200289 a 4500 | ||
|---|---|---|---|
| 001 | 79272 | ||
| 003 | BD-RjUL | ||
| 005 | 20220420104138.0 | ||
| 008 | 220130s2011 bg a|||| m||| 00| 0 ben d | ||
| 035 | _a(BD-RjUL)79272 | ||
| 040 |
_aBD-RjUL _bben / eng _cBD-RjUL _dBD-RjUL |
||
| 041 | _aben | ||
| 082 |
_a759.95414 _bASK 2011 _223 |
||
| 100 |
_aআশিক, হাসান _9965 |
||
| 245 |
_aকোলসওয়ার্দী গ্রান্টের চিত্রকর্মে উনিশ শতকের বাংলার সামাজিক প্রেক্ষাপট / _cহাসান আশিক _6গবেষণা তত্ত্বাবধায়ক : মো. আমিরুল মোমেনীন চৌধুরী |
||
| 246 | _aSocial bacgraound of the 19th century Bengal as reflected in Coleeswarthy Grant's artworks / | ||
| 260 |
_aরাজশাহী : _bচারুকলা বিভাগ, রাজশাহী বিশ্ববিদ্যালয়, _c২০১১ |
||
| 300 |
_a[১৪] - ২৫৭ পাতা : _bচিত্র ; _c৩০ সেমি. |
||
| 502 | _aথিসিস (পিএইচ. ডি.) -- চারুকলা বিভাগ, রাজশাহী বিশ্ববিদ্যালয়, ২০১১ | ||
| 504 | _aতথ্যপঞ্জী থিসিসের শেষ পাতায় সন্নিবেশিত । | ||
| 600 |
_aগ্রান্ট, কোলসওয়ার্দী, _d১৮১৩-১৮৮০ খ্রিষ্টাব্দ _cজীবনী _z _92603 |
||
| 600 |
_aGrant, Colesworthey, _d1813-1880 A. D. _cBiography _92604 |
||
| 650 |
_aচিত্রকলা _xইতিহাস _zভারত _zবাংলা _yউনিশ শতক _9966 |
||
| 650 |
_aPaintings _xHistory _zIndia _zBengal _y19th century _9967 |
||
| 700 |
_aচৌধুরী, মো. আমিরুল মোমেনীন, গবেষণা তত্ত্বাবধায়ক _9971 |
||
| 942 |
_2ddc _cTHE |
||
| 999 |
_c79272 _d79272 |
||